Turkey : Sixth Review and Inflation Consultation Under the Stand-By Arrangement and Request for Waiver of Nonobservance and Applicability of Performance Criteria; Staff Report; Staff Supplement; and Press Release on the Executive Board Discussion.

The staff report for the Sixth Review and Inflation Consultation Under the Stand-By Arrangement on Turkey explains the macroeconomic framework and monetary and exchange rate policies. High interest rates, slowing credit growth, and election-related uncertainty were expected to weigh on private domes...

Ful tanımlama

Detaylı Bibliyografya
Müşterek Yazar: International Monetary Fund
Materyal Türü: Dergi
Dil:English
Baskı/Yayın Bilgisi: Washington, D.C. : International Monetary Fund, 2007.
Seri Bilgileri:IMF Staff Country Reports; Country Report ; No. 2007/363
Online Erişim:Full text available on IMF
LEADER 01816cas a2200241 a 4500
001 AALejournalIMF009674
008 230101c9999 xx r poo 0 0eng d
020 |c 5.00 USD 
020 |z 9781451838220 
022 |a 1934-7685 
040 |a BD-DhAAL  |c BD-DhAAL 
110 2 |a International Monetary Fund. 
245 1 0 |a Turkey :   |b Sixth Review and Inflation Consultation Under the Stand-By Arrangement and Request for Waiver of Nonobservance and Applicability of Performance Criteria; Staff Report; Staff Supplement; and Press Release on the Executive Board Discussion. 
264 1 |a Washington, D.C. :  |b International Monetary Fund,  |c 2007. 
300 |a 1 online resource (75 pages) 
490 1 |a IMF Staff Country Reports 
500 |a <strong>Off-Campus Access:</strong> No User ID or Password Required 
500 |a <strong>On-Campus Access:</strong> No User ID or Password Required 
506 |a Electronic access restricted to authorized BRAC University faculty, staff and students 
520 3 |a The staff report for the Sixth Review and Inflation Consultation Under the Stand-By Arrangement on Turkey explains the macroeconomic framework and monetary and exchange rate policies. High interest rates, slowing credit growth, and election-related uncertainty were expected to weigh on private domestic demand and keep growth near its estimated long-term potential of 5 percent. The central bank renewed its commitment to building international reserves for prudential reasons. There was broad agreement on the need to ease labor regulations and taxes as fiscal resources permit. 
538 |a Mode of access: Internet 
830 0 |a IMF Staff Country Reports; Country Report ;  |v No. 2007/363 
856 4 0 |z Full text available on IMF  |u http://elibrary.imf.org/view/journals/002/2007/363/002.2007.issue-363-en.xml  |z IMF e-Library